| 000 | 00590nam a22001937a 4500 | ||
|---|---|---|---|
| 003 | 0 | ||
| 005 | 20230911144559.0 | ||
| 008 | 230811b xxu||||| |||| 00| 0 eng d | ||
| 020 | _a978-1-64172-304-6 | ||
| 050 |
_aQA 76.575 _b.C37 2020 |
||
| 100 | _aTucker, Lewis | ||
| 245 |
_aCareers in digital media _cLewis Tucker |
||
| 260 |
_aNew York _bLarsen & Keller Education _cc2020. |
||
| 300 |
_a242 p. : _bcol. ill. ; _c27 cm. |
||
| 504 | _aIncludes bibliographical references and index. | ||
| 650 | _aDigital media. | ||
| 650 |
_aDigital media _vVocational guidance. |
||
| 942 |
_2lcc _cBK |
||
| 999 |
_c365127 _d365127 |
||